[Event "Turniej Blitza na II Lidze Juniorów 2018"]
[Site "Szczyrk, Poland"]
[Date "????.??.??"]
[Round "9.2"]
[White "Jaroch, Karol"]
[Black "Pniaczek, Marek"]
[Result "1-0"]
[TimeControl "3'+2\""]
[BlackTitle "CM"]
[WhiteElo "2257"]
[BlackElo "1995"]

1. c4 {[%clk 00:03:03]} {[%emt 00:08:39]} c5 {[%clk 00:03:03]} {[%emt
00:00:01]} 2. g3 {[%clk 00:03:04]} {[%emt 00:00:01]} Nc6 {[%clk 00:03:03]}
{[%emt 00:00:02]} 3. Bg2 {[%clk 00:03:05]} {[%emt 00:00:01]} g6 {[%clk
00:03:05]} 4. e3 {[%clk 00:03:06]} {[%emt 00:00:01]} Bg7 {[%clk 00:03:05]} 5.
Ne2 {[%clk 00:03:07]} {[%emt 00:00:01]} e5 {[%clk 00:03:05]} {[%emt 00:00:02]}
6. O-O {[%clk 00:03:07]} {[%emt 00:00:02]} Nge7 {[%clk 00:03:05]} {[%emt
00:00:02]} 7. b3 {[%clk 00:03:07]} {[%emt 00:00:02]} d6 {[%clk 00:03:05]}
{[%emt 00:00:03]} 8. Bb2 {[%clk 00:03:07]} {[%emt 00:00:01]} O-O {[%clk
00:02:58]} {[%emt 00:00:09]} 9. Nbc3 {[%clk 00:03:08]} {[%emt 00:00:01]} Be6
{[%clk 00:02:56]} {[%emt 00:00:04]} 10. Rc1 {[%clk 00:02:54]} {[%emt 00:00:15]}
Rc8 {[%clk 00:02:48]} {[%emt 00:00:10]} 11. Ne4 {[%clk 00:02:44]} {[%emt
00:00:13]} f5 {[%clk 00:02:17]} {[%emt 00:00:34]} 12. Ng5 {[%clk 00:02:44]} Bd7
{[%clk 00:02:18]} 13. f4 {[%clk 00:02:45]} {[%emt 00:00:02]} h6 {[%clk
00:02:14]} {[%emt 00:00:06]} 14. Nh3 {[%clk 00:02:45]} Be6 {[%clk 00:02:08]}
{[%emt 00:00:08]} 15. d4 {[%clk 00:02:46]} {[%emt 00:00:01]} cxd4 {[%clk
00:02:01]} {[%emt 00:00:10]} 16. exd4 {[%clk 00:02:44]} {[%emt 00:00:03]} exd4
{[%clk 00:01:59]} {[%emt 00:00:05]} 17. Nf2 {[%clk 00:02:33]} {[%emt 00:00:13]}
Qb6 {[%clk 00:01:47]} {[%emt 00:00:13]} 18. h3 {[%clk 00:02:22]} {[%emt
00:00:14]} d5 {[%clk 00:01:37]} {[%emt 00:00:12]} 19. c5 {[%clk 00:02:22]}
{[%emt 00:00:02]} Qa5 {[%clk 00:01:23]} {[%emt 00:00:16]} 20. Nxd4 {[%clk
00:02:17]} {[%emt 00:00:06]} Nxd4 {[%clk 00:01:17]} {[%emt 00:00:08]} 21. Bxd4
{[%clk 00:02:17]} {[%emt 00:00:02]} Bxd4 {[%clk 00:01:08]} {[%emt 00:00:11]} 22.
Qxd4 {[%clk 00:02:18]} {[%emt 00:00:02]} Nc6 {[%clk 00:01:09]} 23. Qb2 {[%clk
00:02:11]} {[%emt 00:00:08]} Rfe8 {[%clk 00:01:02]} {[%emt 00:00:09]} 24. Qf6
{[%clk 00:02:08]} {[%emt 00:00:06]} Bf7 {[%clk 00:01:03]} {[%emt 00:00:01]} 25.
g4 {[%clk 00:01:41]} {[%emt 00:00:28]} Qd2 {[%clk 00:00:33]} {[%emt 00:00:32]}
26. gxf5 {[%clk 00:01:31]} {[%emt 00:00:13]} gxf5 {[%clk 00:00:21]} {[%emt
00:00:14]} 27. Rcd1 {[%clk 00:01:18]} {[%emt 00:00:15]} Qe3 {[%clk 00:00:13]}
{[%emt 00:00:10]} 28. Qxf5 {[%clk 00:00:42]} {[%emt 00:00:38]} Nd4 {[%clk
00:00:11]} {[%emt 00:00:04]} 29. Qg4+ {[%clk 00:00:41]} {[%emt 00:00:03]} Kh8
{[%clk 00:00:12]} {[%emt 00:00:02]} 30. Kh1 {[%clk 00:00:25]} {[%emt 00:00:17]}
Rg8 {[%clk 00:00:12]} {[%emt 00:00:02]} 31. Qh4 {[%clk 00:00:26]} {[%emt
00:00:01]} Kh7 {[%clk 00:00:07]} {[%emt 00:00:08]} 32. Rfe1 {[%clk 00:00:23]}
{[%emt 00:00:04]} Ne2 {[%clk 00:00:07]} {[%emt 00:00:02]} 33. Ng4 {[%clk
00:00:21]} {[%emt 00:00:04]} Ng3+ {[%clk 00:00:05]} {[%emt 00:00:04]} 34. Kh2
{[%clk 00:00:22]} Qxf4 {[%clk 00:00:05]} {[%emt 00:00:03]} 35. Nf6+ {[%clk
00:00:18]} {[%emt 00:00:06]} 1-0

[Event "Turniej Blitza na II Lidze Juniorów 2018"]
[Site "Szczyrk, Poland"]
[Date "????.??.??"]
[Round "9.39"]
[White "Kupczak, Antoni"]
[Black "Skolska, Emilia"]
[Result "1-0"]
[TimeControl "3'+2\""]
[WhiteElo "1566"]
[BlackElo "1261"]

1. d4 {[%clk 00:03:04]} d5 {[%clk 00:03:03]} {[%emt 00:00:02]} 2. c4 {[%clk
00:03:04]} {[%emt 00:00:01]} e6 {[%clk 00:03:04]} 3. Nc3 {[%clk 00:03:04]}
{[%emt 00:00:01]} Nf6 {[%clk 00:03:06]} 4. cxd5 {[%clk 00:03:00]} {[%emt
00:00:07]} exd5 {[%clk 00:03:07]} 5. a3 {[%clk 00:02:55]} {[%emt 00:00:08]}
Nbd7 {[%clk 00:03:06]} {[%emt 00:00:03]} 6. g3 {[%clk 00:02:50]} {[%emt
00:00:07]} c6 {[%clk 00:03:06]} {[%emt 00:00:01]} 7. Bg2 {[%clk 00:02:51]}
{[%emt 00:00:01]} Bd6 {[%clk 00:02:59]} {[%emt 00:00:10]} 8. Nf3 {[%clk
00:02:51]} {[%emt 00:00:02]} O-O {[%clk 00:02:58]} {[%emt 00:00:03]} 9. O-O
{[%clk 00:02:51]} {[%emt 00:00:01]} Re8 {[%clk 00:02:58]} {[%emt 00:00:02]} 10.
b4 {[%clk 00:02:42]} {[%emt 00:00:11]} Nb6 {[%clk 00:02:45]} {[%emt 00:00:16]}
11. Nd2 {[%clk 00:02:28]} {[%emt 00:00:15]} Bf5 {[%clk 00:02:38]} {[%emt
00:00:09]} 12. Re1 {[%clk 00:02:13]} {[%emt 00:00:17]} Qd7 {[%emt 00:00:24]} 13.
Na4 {[%clk 00:02:00]} {[%emt 00:00:13]} Nxa4 {[%clk 00:02:09]} {[%emt
00:00:11]} 14. Qxa4 {[%clk 00:01:59]} {[%emt 00:00:03]} Ne4 {[%clk 00:01:58]}
{[%emt 00:00:12]} 15. Nxe4 {[%clk 00:01:49]} {[%emt 00:00:12]} Bxe4 {[%clk
00:01:58]} {[%emt 00:00:03]} 16. Bb2 {[%clk 00:01:36]} {[%emt 00:00:15]} Bxg2
{[%clk 00:01:48]} {[%emt 00:00:12]} 17. Kxg2 {[%clk 00:01:34]} {[%emt
00:00:02]} Rad8 {[%clk 00:01:32]} {[%emt 00:00:20]} 18. Qc2 {[%clk 00:01:34]}
{[%emt 00:00:02]} Qg4 {[%clk 00:01:24]} {[%emt 00:00:10]} 19. e3 {[%clk
00:01:25]} {[%emt 00:00:11]} Qe4+ {[%clk 00:01:20]} {[%emt 00:00:05]} 20. Qxe4
{[%clk 00:01:18]} {[%emt 00:00:10]} Rxe4 {[%clk 00:01:20]} {[%emt 00:00:01]} 21.
f3 {[%clk 00:01:07]} {[%emt 00:00:14]} Ree8 {[%clk 00:01:17]} {[%emt 00:00:05]}
22. e4 {[%clk 00:01:06]} {[%emt 00:00:03]} dxe4 {[%clk 00:01:12]} {[%emt
00:00:07]} 23. fxe4 {[%clk 00:01:06]} {[%emt 00:00:01]} Bc7 {[%clk 00:01:09]}
{[%emt 00:00:06]} 24. Re3 {[%clk 00:00:59]} {[%emt 00:00:09]} Bb6 {[%clk
00:01:07]} {[%emt 00:00:04]} 25. Rd1 {[%clk 00:00:54]} {[%emt 00:00:06]} f5
{[%clk 00:00:54]} {[%emt 00:00:16]} 26. Kf3 {[%clk 00:00:36]} {[%emt 00:00:20]}
fxe4+ {[%clk 00:00:50]} {[%emt 00:00:06]} 27. Rxe4 {[%clk 00:00:36]} {[%emt
00:00:02]} Rxe4 {[%clk 00:00:48]} {[%emt 00:00:04]} 28. Kxe4 {[%clk 00:00:36]}
{[%emt 00:00:02]} Kf7 {[%clk 00:00:49]} 29. Rf1+ {[%clk 00:00:37]} {[%emt
00:00:02]} Ke6 {[%clk 00:00:44]} {[%emt 00:00:07]} 30. Rf5 {[%clk 00:00:38]} g6
{[%clk 00:00:35]} {[%emt 00:00:11]} 31. Re5+ {[%clk 00:00:39]} Kf7 {[%clk
00:00:35]} {[%emt 00:00:01]} 32. d5 {[%clk 00:00:31]} {[%emt 00:00:11]} cxd5+
{[%clk 00:00:30]} {[%emt 00:00:07]} 33. Rxd5 {[%clk 00:00:32]} {[%emt
00:00:01]} Rxd5 {[%clk 00:00:31]} {[%emt 00:00:01]} 1-0

[Event "Turniej Blitza na II Lidze Juniorów 2018"]
[Site "Szczyrk, Poland"]
[Date "????.??.??"]
[Round "9.15"]
[White "Janocha, Wieslaw"]
[Black "Meers, Hubert"]
[Result "1-0"]
[TimeControl "3'+2\""]
[WhiteTitle "FM"]
[WhiteElo "2197"]
[BlackElo "1549"]

1. e4 {[%clk 00:03:02]} {[%emt 00:00:59]} c5 {[%clk 00:03:02]} {[%emt
00:00:02]} 2. Nf3 {[%clk 00:03:01]} {[%emt 00:00:02]} d6 {[%clk 00:03:03]}
{[%emt 00:00:06]} 3. d4 {[%clk 00:03:01]} {[%emt 00:00:01]} cxd4 {[%clk
00:03:04]} {[%emt 00:00:02]} 4. Nxd4 {[%clk 00:03:02]} {[%emt 00:00:01]} Nf6
{[%clk 00:03:05]} {[%emt 00:00:02]} 5. Nc3 {[%clk 00:03:02]} {[%emt 00:00:01]}
Nc6 {[%clk 00:03:06]} {[%emt 00:00:02]} 6. Be2 {[%clk 00:02:56]} {[%emt
00:00:08]} e5 {[%clk 00:03:06]} {[%emt 00:00:02]} 7. Nf3 {[%clk 00:02:56]}
{[%emt 00:00:01]} h6 {[%clk 00:03:06]} {[%emt 00:00:03]} 8. O-O {[%clk
00:02:55]} {[%emt 00:00:02]} Be6 {[%clk 00:03:06]} {[%emt 00:00:02]} 9. Re1
{[%clk 00:02:53]} {[%emt 00:00:03]} Be7 {[%clk 00:03:05]} {[%emt 00:00:03]} 10.
Bf1 {[%clk 00:02:51]} {[%emt 00:00:05]} O-O {[%clk 00:03:02]} {[%emt 00:00:05]}
11. Nd5 {[%clk 00:02:45]} {[%emt 00:00:08]} Bxd5 {[%clk 00:02:52]} {[%emt
00:00:12]} 12. exd5 {[%clk 00:02:45]} {[%emt 00:00:02]} Nb4 {[%clk 00:02:52]}
{[%emt 00:00:02]} 13. c4 {[%clk 00:02:42]} {[%emt 00:00:05]} a5 {[%clk
00:02:50]} {[%emt 00:00:04]} 14. a3 {[%clk 00:02:37]} {[%emt 00:00:07]} Na6
{[%clk 00:02:51]} {[%emt 00:00:02]} 15. Be3 {[%clk 00:02:37]} {[%emt 00:00:02]}
b6 {[%clk 00:02:47]} {[%emt 00:00:06]} 16. Rb1 {[%clk 00:02:30]} {[%emt
00:00:09]} Nc5 {[%clk 00:02:43]} {[%emt 00:00:06]} 17. b4 {[%clk 00:02:30]}
{[%emt 00:00:02]} axb4 {[%clk 00:02:43]} {[%emt 00:00:02]} 18. axb4 {[%clk
00:02:30]} Nce4 {[%clk 00:02:44]} {[%emt 00:00:01]} 19. Qc2 {[%clk 00:02:17]}
{[%emt 00:00:15]} Ra3 {[%clk 00:02:41]} {[%emt 00:00:04]} 20. Rb3 {[%clk
00:02:04]} {[%emt 00:00:16]} Rxb3 {[%clk 00:02:36]} {[%emt 00:00:08]} 21. Qxb3
{[%clk 00:02:04]} Qc7 {[%clk 00:02:17]} {[%emt 00:00:21]} 22. Bd3 {[%clk
00:02:03]} {[%emt 00:00:03]} Ng5 {[%clk 00:01:59]} {[%emt 00:00:20]} 23. Bxg5
{[%clk 00:01:38]} {[%emt 00:00:27]} hxg5 {[%clk 00:01:59]} {[%emt 00:00:02]} 24.
Nxg5 {[%clk 00:01:39]} Nxd5 {[%clk 00:01:55]} {[%emt 00:00:07]} 25. Nh7 {[%clk
00:01:39]} {[%emt 00:00:01]} Nf4 {[%clk 00:01:50]} {[%emt 00:00:07]} 26. Nxf8
{[%clk 00:01:38]} {[%emt 00:00:03]} Bxf8 {[%clk 00:01:50]} {[%emt 00:00:02]} 27.
Be4 {[%clk 00:01:37]} {[%emt 00:00:02]} Ne6 {[%clk 00:01:47]} {[%emt 00:00:07]}
28. Ra1 {[%clk 00:01:29]} {[%emt 00:00:09]} Nd4 {[%clk 00:01:47]} {[%emt
00:00:02]} 29. Qd3 {[%clk 00:01:29]} g6 {[%clk 00:01:42]} {[%emt 00:00:08]} 30.
Ra8 {[%clk 00:01:29]} {[%emt 00:00:02]} Kg7 {[%clk 00:01:41]} {[%emt 00:00:03]}
31. Bd5 {[%clk 00:01:27]} {[%emt 00:00:03]} Be7 {[%clk 00:01:41]} {[%emt
00:00:02]} 32. Qh3 {[%clk 00:01:15]} {[%emt 00:00:14]} Bd8 {[%clk 00:01:38]}
{[%emt 00:00:06]} 33. Qa3 {[%clk 00:01:04]} {[%emt 00:00:13]} Qe7 {[%clk
00:00:58]} {[%emt 00:00:42]} 34. Ra7 {[%clk 00:00:50]} {[%emt 00:00:17]} Bc7
{[%clk 00:00:54]} {[%emt 00:00:06]} 35. h4 {[%clk 00:00:39]} {[%emt 00:00:13]}
Ne2+ {[%clk 00:00:47]} {[%emt 00:00:08]} 36. Kf1 {[%clk 00:00:37]} {[%emt
00:00:03]} Nf4 {[%clk 00:00:48]} {[%emt 00:00:02]} 37. Qf3 {[%clk 00:00:32]}
{[%emt 00:00:07]} Qxh4 {[%clk 00:00:46]} {[%emt 00:00:05]} 38. g3 {[%clk
00:00:24]} {[%emt 00:00:10]} Qh3+ {[%clk 00:00:47]} 39. Ke1 {[%clk 00:00:24]}
{[%emt 00:00:01]} Nxd5 {[%clk 00:00:44]} {[%emt 00:00:05]} 40. Qxd5 {[%clk
00:00:25]} Qd7 {[%clk 00:00:45]} {[%emt 00:00:02]} 41. c5 {[%clk 00:00:24]}
{[%emt 00:00:03]} bxc5 {[%clk 00:00:37]} {[%emt 00:00:10]} 42. bxc5 {[%clk
00:00:24]} {[%emt 00:00:01]} Qe7 {[%clk 00:00:37]} {[%emt 00:00:01]} 43. cxd6
{[%clk 00:00:20]} {[%emt 00:00:07]} Qxd6 {[%clk 00:00:39]} {[%emt 00:00:01]} 44.
Qxd6 {[%clk 00:00:17]} {[%emt 00:00:05]} Bxd6 {[%clk 00:00:40]} 45. Ke2 {[%clk
00:00:18]} {[%emt 00:00:01]} Kf6 {[%clk 00:00:39]} {[%emt 00:00:02]} 46. Kd3
{[%clk 00:00:17]} {[%emt 00:00:02]} Ke6 {[%clk 00:00:40]} {[%emt 00:00:02]} 47.
Kc4 {[%clk 00:00:16]} {[%emt 00:00:04]} f5 {[%clk 00:00:38]} {[%emt 00:00:03]}
48. Ra6 {[%clk 00:00:16]} {[%emt 00:00:02]} e4 {[%clk 00:00:29]} {[%emt
00:00:11]} 49. Kd4 {[%clk 00:00:16]} {[%emt 00:00:01]} g5 {[%clk 00:00:30]}
{[%emt 00:00:01]} 50. Rb6 {[%clk 00:00:14]} {[%emt 00:00:04]} f4 {[%clk
00:00:10]} {[%emt 00:00:22]} 51. gxf4 {[%clk 00:00:15]} gxf4 {[%clk 00:00:10]}
{[%emt 00:00:03]} 52. Kxe4 {[%clk 00:00:15]} {[%emt 00:00:01]} Ke7 {[%clk
00:00:08]} {[%emt 00:00:04]} 53. Kd5 {[%clk 00:00:15]} {[%emt 00:00:02]} Bc7
{[%clk 00:00:08]} {[%emt 00:00:02]} 54. Rb7 {[%clk 00:00:15]} {[%emt 00:00:02]}
Kd8 {[%clk 00:00:09]} {[%emt 00:00:01]} 55. Kc6 {[%clk 00:00:15]} {[%emt
00:00:02]} Be5 {[%clk 00:00:10]} 56. f3 {[%clk 00:00:16]} {[%emt 00:00:01]} Ke8
{[%clk 00:00:10]} {[%emt 00:00:02]} 57. Kd5 {[%clk 00:00:16]} {[%emt 00:00:02]}
Bf6 {[%clk 00:00:08]} {[%emt 00:00:04]} 58. Ke6 {[%clk 00:00:17]} {[%emt
00:00:02]} Bh4 {[%clk 00:00:06]} {[%emt 00:00:03]} 59. Rb8+ {[%clk 00:00:17]}
{[%emt 00:00:02]} Bd8 {[%clk 00:00:07]} {[%emt 00:00:01]} 60. Ra8 {[%clk
00:00:18]} 1-0

[Event "Turniej Blitza na II Lidze Juniorów 2018"]
[Site "Szczyrk, Poland"]
[Date "????.??.??"]
[Round "9.53"]
[White "Pawlak, Emilia"]
[Black "Franek, Krzysztof"]
[Result "1-0"]
[TimeControl "3'+2\""]
[WhiteElo "1319"]
[BlackElo "1142"]

1. e4 {[%clk 00:03:03]} b6 {[%clk 00:03:04]} {[%emt 00:00:01]} 2. d4 {[%clk
00:03:03]} {[%emt 00:00:01]} Bb7 {[%clk 00:03:05]} 3. Nc3 {[%clk 00:03:03]}
{[%emt 00:00:03]} e6 {[%clk 00:03:06]} 4. Nge2 {[%clk 00:03:02]} {[%emt
00:00:03]} Bb4 {[%clk 00:03:07]} {[%emt 00:00:02]} 5. g3 {[%clk 00:03:00]}
{[%emt 00:00:03]} Bxe4 {[%clk 00:03:07]} {[%emt 00:00:01]} 6. Rg1 {[%clk
00:02:55]} {[%emt 00:00:07]} Nf6 {[%clk 00:02:25]} {[%emt 00:00:44]} 7. a3
{[%clk 00:02:56]} {[%emt 00:00:01]} Bxc3+ {[%clk 00:02:24]} {[%emt 00:00:04]} 8.
Nxc3 {[%clk 00:02:56]} {[%emt 00:00:02]} d5 {[%clk 00:01:56]} {[%emt 00:00:29]}
9. f3 {[%clk 00:02:41]} {[%emt 00:00:17]} Bg6 {[%clk 00:01:56]} {[%emt
00:00:02]} 10. Bb5+ {[%clk 00:02:37]} {[%emt 00:00:06]} Nbd7 {[%clk 00:01:57]}
{[%emt 00:00:02]} 11. Bg5 {[%clk 00:02:33]} {[%emt 00:00:05]} h6 {[%clk
00:01:16]} {[%emt 00:00:43]} 12. Bh4 {[%clk 00:02:32]} {[%emt 00:00:03]} Rc8
{[%clk 00:01:07]} {[%emt 00:00:11]} 13. Qe2 {[%clk 00:02:31]} {[%emt 00:00:03]}
c6 {[%clk 00:01:04]} {[%emt 00:00:05]} 14. Ba4 {[%clk 00:02:19]} {[%emt
00:00:15]} Rc7 {[%clk 00:00:50]} {[%emt 00:00:17]} 15. f4 {[%clk 00:02:09]}
{[%emt 00:00:10]} Be4 {[%clk 00:00:48]} {[%emt 00:00:04]} 16. Rf1 {[%clk
00:01:44]} {[%emt 00:00:26]} Qc8 {[%clk 00:00:21]} {[%emt 00:00:30]} 17. f5
{[%clk 00:01:40]} {[%emt 00:00:06]} a6 {[%clk 00:00:07]} {[%emt 00:00:17]} 18.
Bb3 {[%emt 00:00:20]} b5 19. a4 {[%clk 00:01:15]} {[%emt 00:00:09]} c5 {[%clk
00:00:08]} {[%emt 00:00:02]} 20. axb5 {[%clk 00:01:10]} {[%emt 00:00:08]} c4
{[%clk 00:00:09]} 21. Ba4 {[%clk 00:01:05]} {[%emt 00:00:07]} axb5 {[%clk
00:00:05]} {[%emt 00:00:06]} 22. Nxb5 {[%clk 00:01:03]} {[%emt 00:00:04]} Rb7
{[%clk 00:00:05]} {[%emt 00:00:01]} 23. Nd6+ {[%clk 00:01:04]} {[%emt
00:00:01]} 1-0

[Event "Turniej Blitza na II Lidze Juniorów 2018"]
[Site "Szczyrk, Poland"]
[Date "????.??.??"]
[Round "9.59"]
[White "Pieczewska, Gabriela"]
[Black "Klim, Filip"]
[Result "0-1"]
[TimeControl "3'+2\""]
[WhiteElo "1158"]
[BlackElo "1338"]

1. c4 {[%clk 00:03:01]} {[%emt 00:00:01]} c5 {[%clk 00:03:03]} {[%emt
00:00:01]} 2. Nc3 {[%clk 00:03:03]} Nc6 {[%clk 00:03:04]} 3. g3 {[%clk
00:03:04]} {[%emt 00:00:01]} g6 {[%clk 00:03:05]} 4. Bg2 {[%clk 00:03:05]} Bg7
{[%clk 00:03:07]} 5. Nf3 {[%clk 00:03:06]} Nf6 {[%clk 00:03:06]} {[%emt
00:00:02]} 6. O-O {[%clk 00:03:07]} {[%emt 00:00:02]} e6 {[%clk 00:03:05]}
{[%emt 00:00:03]} 7. e3 {[%clk 00:03:08]} {[%emt 00:00:01]} d5 {[%clk
00:03:06]} {[%emt 00:00:02]} 8. cxd5 {[%clk 00:03:08]} {[%emt 00:00:02]} exd5
{[%clk 00:03:07]} {[%emt 00:00:01]} 9. d4 {[%clk 00:03:09]} cxd4 {[%clk
00:03:03]} {[%emt 00:00:06]} 10. exd4 {[%clk 00:03:10]} O-O {[%clk 00:03:03]}
{[%emt 00:00:02]} 11. Re1 {[%clk 00:03:12]} Re8 {[%clk 00:02:47]} {[%emt
00:00:19]} 12. Bg5 {[%clk 00:03:13]} {[%emt 00:00:01]} Be6 {[%clk 00:02:36]}
{[%emt 00:00:13]} 13. Qd2 {[%clk 00:03:13]} {[%emt 00:00:02]} Qb6 {[%clk
00:02:28]} {[%emt 00:00:10]} 14. Bxf6 {[%clk 00:02:57]} {[%emt 00:00:17]} Bxf6
{[%clk 00:02:28]} {[%emt 00:00:02]} 15. Ne5 {[%clk 00:02:45]} {[%emt 00:00:14]}
Nxd4 {[%clk 00:02:15]} {[%emt 00:00:15]} 16. Nxd5 {[%clk 00:02:41]} {[%emt
00:00:06]} Bxd5 {[%clk 00:02:11]} {[%emt 00:00:06]} 17. Bxd5 {[%clk 00:02:39]}
{[%emt 00:00:05]} Rxe5 {[%clk 00:02:06]} {[%emt 00:00:06]} 18. Rxe5 {[%clk
00:02:22]} {[%emt 00:00:19]} Bxe5 {[%clk 00:02:07]} {[%emt 00:00:01]} 19. Re1
{[%clk 00:02:17]} {[%emt 00:00:06]} Bg7 {[%clk 00:02:01]} {[%emt 00:00:09]} 20.
Re7 {[%clk 00:02:18]} {[%emt 00:00:01]} Rf8 {[%clk 00:01:54]} {[%emt 00:00:09]}
21. Rxb7 {[%clk 00:02:19]} {[%emt 00:00:02]} Qa6 {[%clk 00:01:43]} {[%emt
00:00:13]} 22. Qd1 {[%clk 00:01:55]} {[%emt 00:00:24]} Ne2+ {[%clk 00:01:42]}
{[%emt 00:00:04]} 23. Kg2 {[%clk 00:01:54]} {[%emt 00:00:03]} Nd4 {[%clk
00:01:32]} {[%emt 00:00:13]} 24. Qd2 {[%clk 00:01:43]} {[%emt 00:00:13]} Nc6
{[%clk 00:01:31]} {[%emt 00:00:03]} 25. Qf4 {[%clk 00:01:38]} {[%emt 00:00:07]}
Qxb7 {[%clk 00:01:27]} {[%emt 00:00:06]} 26. Bxc6 {[%clk 00:01:33]} {[%emt
00:00:06]} Qxc6+ {[%clk 00:01:28]} {[%emt 00:00:02]} 27. Kh3 {[%clk 00:01:30]}
{[%emt 00:00:04]} Re8 {[%clk 00:01:26]} {[%emt 00:00:05]} 28. Qg4 {[%clk
00:01:26]} {[%emt 00:00:06]} Re4 {[%clk 00:01:22]} {[%emt 00:00:07]} 29. Qd1
{[%clk 00:01:24]} {[%emt 00:00:03]} Qe6+ {[%clk 00:01:19]} {[%emt 00:00:06]} 30.
Qg4 {[%clk 00:01:22]} {[%emt 00:00:31]} Qxg4+ {[%clk 00:01:18]} {[%emt
00:00:02]} 31. Kg2 {[%clk 00:01:23]} Re2 {[%clk 00:01:15]} {[%emt 00:00:05]} 32.
Kg1 {[%clk 00:01:23]} {[%emt 00:00:01]} Qf3 {[%clk 00:01:16]} {[%emt 00:00:02]}
33. h4 {[%clk 00:01:23]} {[%emt 00:00:02]} Qxf2+ {[%clk 00:01:16]} {[%emt
00:00:02]} 34. Kh1 {[%clk 00:01:24]} Qf1# {[%clk 00:01:16]} {[%emt 00:00:01]}
0-1

[Event "Turniej Blitza na II Lidze Juniorów 2018"]
[Site "Szczyrk, Poland"]
[Date "????.??.??"]
[Round "9.17"]
[White "Dytman, Radoslaw"]
[Black "Orlik, Sandra"]
[Result "1-0"]
[TimeControl "3'+2\""]
[WhiteElo "1841"]
[BlackElo "1549"]

1. e4 {[%clk 00:03:02]} c5 {[%clk 00:03:03]} {[%emt 00:00:02]} 2. Nf3 {[%clk
00:03:02]} {[%emt 00:00:02]} e6 {[%clk 00:03:04]} {[%emt 00:00:02]} 3. d4
{[%clk 00:03:03]} {[%emt 00:00:01]} cxd4 {[%clk 00:03:05]} {[%emt 00:00:01]} 4.
Nxd4 {[%clk 00:03:03]} {[%emt 00:00:02]} a6 {[%clk 00:03:06]} 5. Nc3 {[%clk
00:02:58]} {[%emt 00:00:06]} Qc7 {[%clk 00:03:07]} {[%emt 00:00:02]} 6. Bd3
{[%clk 00:02:57]} {[%emt 00:00:02]} Bb4 {[%clk 00:03:07]} {[%emt 00:00:02]} 7.
Bd2 {[%clk 00:02:55]} {[%emt 00:00:04]} Nf6 {[%clk 00:03:07]} {[%emt 00:00:02]}
8. O-O {[%clk 00:02:49]} {[%emt 00:00:08]} O-O {[%clk 00:03:07]} {[%emt
00:00:02]} 9. a3 {[%clk 00:02:48]} {[%emt 00:00:03]} Bc5 {[%clk 00:03:01]}
{[%emt 00:00:08]} 10. Nce2 {[%clk 00:02:30]} {[%emt 00:00:20]} Nc6 {[%clk
00:02:57]} {[%emt 00:00:06]} 11. c3 {[%clk 00:02:30]} {[%emt 00:00:02]} e5
{[%clk 00:02:53]} {[%emt 00:00:07]} 12. Nf5 {[%clk 00:02:25]} {[%emt 00:00:06]}
d5 {[%clk 00:02:45]} {[%emt 00:00:10]} 13. exd5 {[%clk 00:02:06]} {[%emt
00:00:21]} Nxd5 {[%clk 00:02:45]} {[%emt 00:00:02]} 14. Qc2 {[%clk 00:01:59]}
{[%emt 00:00:09]} h6 {[%clk 00:02:29]} {[%emt 00:00:18]} 15. Rae1 {[%clk
00:01:41]} {[%emt 00:00:20]} Be6 {[%clk 00:02:28]} {[%emt 00:00:03]} 16. Neg3
{[%clk 00:01:39]} {[%emt 00:00:04]} Nde7 {[%clk 00:02:17]} {[%emt 00:00:13]} 17.
Be3 {[%clk 00:01:19]} {[%emt 00:00:22]} Bxe3 {[%clk 00:02:05]} {[%emt
00:00:14]} 18. fxe3 {[%clk 00:01:09]} {[%emt 00:00:13]} Nd5 {[%clk 00:01:45]}
{[%emt 00:00:22]} 19. Qd1 {[%clk 00:00:54]} {[%emt 00:00:16]} Qb6 {[%clk
00:01:30]} {[%emt 00:00:18]} 20. Qh5 {[%clk 00:00:31]} {[%emt 00:00:24]} Nf6
{[%clk 00:01:21]} {[%emt 00:00:11]} 21. Nxh6+ {[%clk 00:00:24]} {[%emt
00:00:09]} gxh6 {[%clk 00:01:00]} {[%emt 00:00:23]} 22. Rxf6 {[%clk 00:00:20]}
{[%emt 00:00:06]} 1-0